| 000 | 00629nam a2200229Ia 4500 | ||
|---|---|---|---|
| 003 | OSt | ||
| 005 | 20221007075624.0 | ||
| 006 | a|||||r|||| 00| 0 | ||
| 007 | ta | ||
| 008 | 221006b |||||||| |||| 00| 0 eng d | ||
| 024 | _a15,491 | ||
| 037 | _cTextual | ||
| 040 |
_aFLL _cFLL _beng |
||
| 041 |
_2eng _aeng |
||
| 082 | _aX:413:Z2, J4 | ||
| 100 |
_aRao K.Venkoba Au. _9694045 |
||
| 245 | 0 | _aLaw of motor vehicles in India & Pakistan | |
| 260 |
_aNew Delhi _bMetropolitan pub. India _c1954 |
||
| 300 |
_axx,302p _ccm. |
||
| 942 |
_hX:413:Z2, J4 _cTEXL _2CC |
||
| 999 |
_c1156783 _d1156783 |
||